000 00411nam a2200157 a 4500
005 20140412111220.0
008 001109s19uu xx 00 eng d
020 _a0-307-74043-9
050 _aER
_bPa11 1994
245 _aThe Pagemaster /
_cadapted by Mary Dyksha.
260 _aNew York :
_bA Golden Book,
_c1994.
300 _a[23] p. ; ill.
650 _aFolklore
650 _aFolktales
999 _c101899
_d101899